000 00435nam a2200181Ia 4500
001 23140
005 20260414150917.0
008 260414t1987||||xx |||||||||||||| ||spa||
041 _aESP
082 _a624.183412
_bN57
100 _aNilson, Arthur H.
_eAUT
245 0 _aDesing of prestressed concrete
_b
260 _c1987
300 _axii, 592 páginas :
_c24 cm.
650 _a0
654 _aCIC
942 _cLIB
_dJUS
_fJUS
_2ddc
_n
999 _c23140
_d23140